000 00733nam a2200253Ia 4500
003 OSt
005 20220926011217.0
006 a|||||r|||| 00| 0
007 ta
008 220923b |||||||| |||| 00| 0 eng d
037 _cGeneral Book
040 _aRTL
_cRTL
_beng
041 _2eng
_aeng
082 _aXM85:8F, L8
100 _aChoi Frederick D S
_9313733
245 0 _aIntroduction to multinational accounting
260 _aNew Jersey
_bPrentice-hall
_c1978
300 _axii, 365p
_ccm.
500 _aBibliography chapterwise
650 _aMultinational
700 _a Mueller Gerhard G
942 _hXM85:8F, L8
_cGB
_2CC
999 _c619387
_d619387